<?xml version="1.0" encoding="UTF-8"?>
<record
    xmlns:xsi="http://www.w3.org/2001/XMLSchema-instance"
    xsi:schemaLocation="http://www.loc.gov/MARC21/slim http://www.loc.gov/standards/marcxml/schema/MARC21slim.xsd"
    xmlns="http://www.loc.gov/MARC21/slim">

  <leader>00571nam a2200157Ia 4500</leader>
  <controlfield tag="008">150610s9999    xx            000 0 und d</controlfield>
  <datafield tag="020" ind1=" " ind2=" ">
    <subfield code="a">7129718</subfield>
  </datafield>
  <datafield tag="050" ind1=" " ind2=" ">
    <subfield code="a">PR6039</subfield>
    <subfield code="b">.O32 T649 1966 pt. 2</subfield>
  </datafield>
  <datafield tag="100" ind1=" " ind2=" ">
    <subfield code="a">Tolkien, John Ronald Reuel, 1892-1973</subfield>
  </datafield>
  <datafield tag="245" ind1=" " ind2="4">
    <subfield code="a">The two towers : </subfield>
    <subfield code="b">being the second part of the lord of the rings /</subfield>
    <subfield code="c">by J.R.R. Tolkien.</subfield>
  </datafield>
  <datafield tag="260" ind1=" " ind2=" ">
    <subfield code="a">Great Britain :</subfield>
    <subfield code="b">Harper Collins,</subfield>
    <subfield code="c">1966.</subfield>
  </datafield>
  <datafield tag="300" ind1=" " ind2=" ">
    <subfield code="a">725pages ;</subfield>
    <subfield code="c">20 cm.</subfield>
  </datafield>
  <datafield tag="440" ind1=" " ind2=" ">
    <subfield code="a">The Lord of the rings ; pt.2</subfield>
    <subfield code="v">v.2</subfield>
  </datafield>
  <datafield tag="650" ind1=" " ind2=" ">
    <subfield code="a">Adventure</subfield>
    <subfield code="x">Fiction.</subfield>
  </datafield>
  <datafield tag="650" ind1=" " ind2=" ">
    <subfield code="a">Middle Earth (Imaginary place)</subfield>
    <subfield code="x">Fiction.</subfield>
  </datafield>
  <datafield tag="999" ind1=" " ind2=" ">
    <subfield code="c">287838</subfield>
    <subfield code="d">287838</subfield>
  </datafield>
  <datafield tag="952" ind1=" " ind2=" ">
    <subfield code="0">0</subfield>
    <subfield code="1">0</subfield>
    <subfield code="4">0</subfield>
    <subfield code="a">SSISB</subfield>
    <subfield code="b">SSISB</subfield>
    <subfield code="c">HS</subfield>
    <subfield code="d">2015-06-10</subfield>
    <subfield code="l">0</subfield>
    <subfield code="o">PR6039.O32 T649 1966 pt. 2</subfield>
    <subfield code="p">US-0621</subfield>
    <subfield code="r">2015-06-10 00:00:00</subfield>
    <subfield code="w">2015-06-10</subfield>
    <subfield code="y">BK</subfield>
  </datafield>
</record>
